|
|
|
|
| LEADER |
02734nam a2200649 i 4500 |
| 001 |
nkc20203170332 |
| 003 |
CZ PrNK |
| 005 |
20200206090911.0 |
| 007 |
ta |
| 008 |
200109s2019 xr abchf 000 0 cze |
| 015 |
|
|
|a cnb003170332
|
| 020 |
|
|
|a 978-80-86951-38-6
|q (brožováno)
|
| 035 |
|
|
|a (OCoLC)1143820907
|
| 040 |
|
|
|a BOA001
|b cze
|d ABA001
|e rda
|
| 041 |
0 |
|
|a cze
|b eng
|b ger
|
| 043 |
|
|
|a e-xr---
|b e-xr-jm
|2 czenas
|
| 045 |
|
|
|a w-x-
|
| 072 |
|
7 |
|a 73
|x Sochařství, keramika, porcelán, umělecké zpracování kovů
|2 Konspekt
|9 21
|
| 080 |
|
|
|a 739.4
|2 MRF
|
| 080 |
|
|
|a 73/76.058
|2 MRF
|
| 080 |
|
|
|a 669.1:334.716
|2 MRF
|
| 080 |
|
|
|a 334.72(091)
|2 MRF
|
| 080 |
|
|
|a (437.322)
|2 MRF
|
| 080 |
|
|
|a (048.8:082)
|2 MRF
|
| 100 |
1 |
|
|a Čeladín, Jindřich,
|d 1978-
|7 mzk2007382057
|4 aut
|
| 245 |
1 |
0 |
|a Po stopách blanenské umělecké litiny /
|c autoři: Jindřich Čeladín, Jitka Sedlářová, Irena Laboutková, Milan Koudelka
|
| 264 |
|
1 |
|a Blansko :
|b Muzeum Blanenska,
|c [2019]
|
| 300 |
|
|
|a 199 stran :
|b ilustrace (převážně barevné), 1 mapa, portréty, faksimile ;
|c 27 cm
|
| 336 |
|
|
|a text
|b txt
|2 rdacontent
|
| 336 |
|
|
|a statický obraz
|b sti
|2 rdacontent
|
| 337 |
|
|
|a bez média
|b n
|2 rdamedia
|
| 338 |
|
|
|a svazek
|b nc
|2 rdacarrier
|
| 500 |
|
|
|a 300 výtisků
|
| 504 |
|
|
|a Obsahuje bibliografii
|
| 546 |
|
|
|a Anglické a německé resumé
|
| 648 |
|
7 |
|a 19.-20. století
|7 ch757015
|2 czenas
|
| 650 |
0 |
7 |
|a umělecká litina
|7 ph135218
|z Česko
|y 19.-20. století
|2 czenas
|
| 650 |
0 |
7 |
|a dekorativní umění
|7 ph114299
|z Česko
|y 19.-20. století
|2 czenas
|
| 650 |
0 |
7 |
|a železárny
|7 ph127959
|z Česko
|y 19.-20. století
|2 czenas
|
| 650 |
0 |
7 |
|a dějiny podniků
|7 ph506474
|z Česko
|y 19.-20. století
|2 czenas
|
| 650 |
0 |
9 |
|a decorative cast-iron
|z Czechia
|y 19th-20th centuries
|2 eczenas
|
| 650 |
0 |
9 |
|a decorative arts
|z Czechia
|y 19th-20th centuries
|2 eczenas
|
| 650 |
0 |
9 |
|a iron-works
|z Czechia
|y 19th-20th centuries
|2 eczenas
|
| 650 |
0 |
9 |
|a history of business enterprises
|z Czechia
|y 19th-20th centuries
|2 eczenas
|
| 651 |
|
7 |
|a Blansko (Česko : oblast)
|7 ge128768
|2 czenas
|
| 651 |
|
9 |
|a Blansko Region (Czechia)
|2 eczenas
|
| 655 |
|
7 |
|a kolektivní monografie
|7 fd501537
|2 czenas
|
| 655 |
|
9 |
|a collective monographs
|2 eczenas
|
| 700 |
1 |
|
|a Sedlářová, Jitka,
|d 1942-
|7 jk01110577
|4 aut
|
| 700 |
1 |
|
|a Laboutková, Irena,
|d 1957-
|7 ola2004235469
|4 aut
|
| 700 |
1 |
|
|a Koudelka, Milan,
|d 1968-
|7 jn20000401446
|4 aut
|
| 910 |
2 |
|
|a BOA001
|b 3-1441.674
|
| 990 |
|
|
|a BK
|
| 995 |
|
|
|a 01
|
| 991 |
|
|
|b 202001
|c NOV
|
| 996 |
6 |
|
|b 2610812022
|c 3-1441.674
|l MZK
|r Sklad / do 1 hodiny
|n 3
|p p.v.
|w 001776590
|u 000010
|a 1
|e BOA001
|j MZK50
|s P
|
| 996 |
7 |
|
|b 2610812023
|c 3-1441.674
|l MZK
|r Sklad / do 1 hodiny
|n 8
|p p.v.
|w 001776590
|u 000020
|a 1
|e BOA001
|j MZK50
|s A
|